00259nam a2200097Ia 4500008004100000100001400041245004300055250000800098260004700106300000800153191201s2010 xx 000 0 und d aSINGH,K.K 0aUnconventional manufacturing processes aRep c2010bDhanpat Rai Pubns (P) LtdaNEW DELHI a118